| 000 | 00784nam a22002057a 4500 | ||
|---|---|---|---|
| 005 | 20120731113958.0 | ||
| 010 | _aB-454725 | ||
| 020 |
_a9798173872036 _c350.00 |
||
| 035 | _aB-454725 | ||
| 037 |
_adpl _bBlueberry Pub/ Ven |
||
| 082 | _aS | ||
| 245 |
_aShort stories of Himachal Pardesh/ _ctranslated by Meenakshi F. Paul |
||
| 260 |
_aNew Delhi _bIndus Publishing _c2007 |
||
| 270 |
_aFS- 5 tagire garden _bNew Delhi |
||
| 300 |
_a183p. _c22cm |
||
| 700 |
_aMeenakshi F.Paul _950637 |
||
| 942 |
_2ddc _cEN _mPAU _hS |
||
| 999 |
_c68810 _d68810 |
||